Tiểu thuyết - Truyện ngắn

Shranjeno v:
Bibliografske podrobnosti
Glavni avtor: Hoàng, Hữu Sang
Format: Knjiga
Jezik:Undetermined
Izdano: Hà Nội Hội nhà văn 2018
Teme:
Oznake: Označite
Brez oznak, prvi označite!
Thư viện lưu trữ: Trung tâm Học liệu Trường Đại học Cần Thơ
LEADER 00599nam a2200181Ia 4500
001 CTU_228838
008 210402s9999 xx 000 0 und d
082 |a 895.9223 
082 |b S106 
100 |a Hoàng, Hữu Sang 
245 0 |a Tiểu thuyết - Truyện ngắn 
245 0 |c Hoàng Hữu Sang 
260 |a Hà Nội 
260 |b Hội nhà văn 
260 |c 2018 
650 |a Tiểu thuyết Việt Nam,Vietnamese fiction,Truyện ngắn Việt Nam,Short stories, Vietnamese 
910 |b nthai 
980 |a Trung tâm Học liệu Trường Đại học Cần Thơ